| 000 | 00553nac a22001571u 4500 | ||
|---|---|---|---|
| 008 | 080827s ua|||||r|||| 000 0 ara d | ||
| 082 |
_a243 _bخ ي ر _222 |
||
| 245 |
_aظواهر الطرح الروحي/ _cبقلم احمد فهمى ابو الخير |
||
| 260 |
_aالقاهرة: _bمكتبة الهلال،1946 _c1946. |
||
| 300 |
_a153 ص : _bايض؛ _c24 سم |
||
| 504 | _aببليوجرافية ص154 | ||
| 511 | _aCatalogued by: Sara | ||
| 541 |
_aألف باء؛ _cشراء؛ |
||
| 650 |
_aالروح _913531 |
||
| 942 |
_cBB _k243خ ي ر _2ddc |
||
| 999 |
_c6133 _d6133 |
||